000 00474nam a2200181Ia 4500
001 20866
005 20260306172837.0
008 260306t2022||||xx |||||||||||||| ||spa||
041 _aESP
082 _a343.8
_bL25
100 _aLara Márquez, Jaime
_eAUT
245 0 _aArgumentación, derecho tributario y casos difíciles:
_blagunas y antinomias
260 _c2022
300 _a309 páginas :
_c20 cm.
650 _aGEN
654 _aCCO
942 _cLIB
_dJUS
_fJUS
_2ddc
_n
999 _c20866
_d20866